|
|
|
|
| LEADER |
00803nab a2200205 i 4500 |
| 001 |
acta40675 |
| 005 |
20210927150606.0 |
| 008 |
170712s1995 hu o 0|| hun d |
| 022 |
|
|
|a 0237-7934
|
| 040 |
|
|
|a SZTE Egyetemi Kiadványok Repozitórium
|b hun
|
| 041 |
|
|
|a hun
|
| 100 |
1 |
|
|a Lukács Zs. Tibor
|
| 245 |
1 |
2 |
|a A korabeli propaganda és II. Rákóczi György megítélése
|h [elektronikus dokumentum] /
|c Lukács Zs. Tibor
|
| 260 |
|
|
|c 1995
|
| 300 |
|
|
|a 68-94
|
| 490 |
0 |
|
|a Aetas
|v 10 No. 1
|
| 650 |
|
4 |
|a Bölcsészettudományok
|
| 650 |
|
4 |
|a Történettudomány és régészet
|
| 695 |
|
|
|a II. Rákóczi György - Erdély - fejedelem, Erdély története - 17. sz., Politikai propaganda - Erdély - 17. sz.
|
| 856 |
4 |
0 |
|u http://acta.bibl.u-szeged.hu/40675/1/aetas_1995_001_002_068-094.pdf
|z Dokumentum-elérés
|